00536nam a22001817a 450000500170000001000140001702000260003102000260005703500130008303700130009608200120010910000270012124500870014826000380023527000450027330000330031870000030035120100807155518.0 aENG-98953 c210.00a9788183333313 c210.00a9788183333313 aEN-82485 bDBAD/PUB a001.642 aby Kanetkar, Yashavant aWritten test question in data structures /cby Yeshavant Kanetkar [and] Asang Dani aNew DelhibBPB Publicationsc2010 aB-14, Connaught PlacebNew Delhie110001 aviii, 592 p. c24 cm. (Pbk)